Rise Of China And The Asian Century (Record no. 565875)

000 -LEADER
fixed length control field 00323nam a2200121Ia 4500
008 - FIXED-LENGTH DATA ELEMENTS--GENERAL INFORMATION
fixed length control field 210430s9999 xx 000 0 und d
082 ## - DEWEY DECIMAL CLASSIFICATION NUMBER
Classification number 327.51073 J415R
100 ## - MAIN ENTRY--PERSONAL NAME
Personal name Javed,Syed Hasan
245 ## - TITLE STATEMENT
Title Rise Of China And The Asian Century
Statement of responsibility, etc. Javed,Syed Hasan
260 ## - PUBLICATION, DISTRIBUTION, ETC.
Place of publication, distribution, etc. islamabad
Date of publication, distribution, etc. 2011
300 ## - PHYSICAL DESCRIPTION
Extent 181p.
942 ## - ADDED ENTRY ELEMENTS (KOHA)
Koha item type Book
Source of classification or shelving scheme
Holdings
Withdrawn status Lost status Damaged status Not for loan Permanent Location Current Location Date acquired Total Checkouts Total Renewals Full call number Barcode Checked out Date last seen Date last checked out Price effective from Koha item type
        School of Chemical & Materials Engineering (SCME) School of Chemical & Materials Engineering (SCME)   1 2 327.51073 J415R SCME- D116 04/03/2026 12/10/2025 12/10/2025 04/30/2021 Book
© 2023 Central Library, National University of Sciences and Technology. All Rights Reserved.